000 00206 a2200097 4500
001 1113
100 _aDragoo,A.W
245 _aEngineering electromagnetics
260 _a
_bMcgrawhill
_c
090 _c677
_d677
942 _aNUST-CAE
_cM
_c33344
999 _c236186
_d236186